00586nam a2200181Ia 4500003000900000008004100009040001600050080001700066100002100083245010200104260004000206300001500246490005400261650001900315650002600334650002400360700002000384IN-BaIIA211028s9999 xx 000 0 eng d cIIA Library a519.853bKUN aKunzi, Hans Paul 0aNonlinear programmingcHans Paul Kunzi and Wilhelm Krelle  aWalthambBlaisdell Publishingc1966 axiv, 240p. aA blaisdell book in the pure and applied sciences aNASA thesaurus aNonlinear programming aOperations research aKrelle, Wilhelm